000 00597nam a2200229Ia 4500
003 OSt
005 20220923225927.0
006 a|||||r|||| 00| 0
007 ta
008 Pun
024 _a275,936
037 _cTextual
040 _aARTS
_cARTS
_bPun
041 _2Pun
_aPun
082 _aO153,2:g, L2
100 _aਸਿੰਘ, ਹਰਚਰਨ
245 0 _aਨਾਟਕ ਕਲਾ ਤੇ ਹੋਰ ਲੇਖ
260 _c1972
650 _aਪੰਜਾਬੀ ਸਾਹਿਤ
942 _hO153,2:g, L2
_cTEXL
_2CC
999 _c381370
_d381370